very hard quiz for gernty - Statistics

General Stats
  • This quiz has been taken 8 times
  • The average score is 3 of 15
Answer Stats
Hint Answer % Correct
eastern most country in Europe Russia
100%
largest city in china by area Chongqing
60%
southernmost country in Africa (excluding South Africa) Lesotho
60%
official language of Djibouti french
40%
state flag with bee hive utah
40%
easternmost country in Oceania (following the international date line) kiribati
20%
northernmost city in north america Utqiagvik
20%
coordinates of Mumbai India (round to the nearest whole number) 19N 73E
0%
colors in the flag of tanzania green, yellow, black, blue
0%
the largest island in the Solomon islands Guadalcanal
0%
southernmost city in north america key west
0%
known as the "Free State" maryland
0%
the best teacher in the whole school? Mr. Peach
0%
can you spell _______ ( 7 letter country, must be the one I thought of) Myanmar
0%
how to spell your name? don't get it wrong Tarquin F’tang Olé Biscuitbarrel
0%
No matching quizzes found
Score Distribution
Percent of People with Each Score
Percentile by Number Answered
Your Score History
You have not taken this quiz